Introduction to electrical engineering

Bibliographic Details
Main Author: Sarma, Mulukutla S
Format: Book
Published: New York : Oxford University Press , 2001
Series:The Oxford series in electrical and computer engineering
Subjects:

MARC

LEADER 00000cam a2200000 7i4500
001 0000012599
005 20080409.0
008 080409
020 |a 0195136047 
090 0 0 |a 621.3   |b SAR 
100 1 |a Sarma, Mulukutla S 
245 1 0 |a Introduction to electrical engineering   |c Mulukutla S. Sarma 
260 |a New York :   |b Oxford University Press ,   |c 2001 
440 |a The Oxford series in electrical and computer engineering 
650 0 |a Electrical engineering 
999 |a 0001018575   |b Book   |c Adult Collection   |e Perbadanan Perpustakaan Awam Johor 
999 |a CD01018575   |b Book   |c Adult Collection   |e Perbadanan Perpustakaan Awam Johor